| 000 | 00995nas a2200325 4500 | ||
|---|---|---|---|
| 001 | BR2011004741 | ||
| 003 | BR-BrBNA | ||
| 005 | 20231205115104.0 | ||
| 007 | ta | ||
| 008 | 230509b bl.|||p| |||| 00| 00por d | ||
| 040 |
_aBR-BrBNA _bpor _cBiblioteca Nacional de Agricultura |
||
| 041 | _a(Pt) | ||
| 072 | _aF50; F30 | ||
| 100 | 1 | _aTorres Filho, J. | |
| 100 | 1 | _aNunes, G.H. de S. | |
| 100 | 1 | _aVasconcelos, J.J.C. | |
| 100 | 1 | _aCosta Filho, J.H. da | |
| 100 | 1 | _aCosta, G.G. | |
| 245 | 1 | _aCaracterização morfológica de acessos de meloeiro coletados no nordeste brasileiro | |
| 650 | _aMELÃO | ||
| 650 | _aCUCUMIS MELO | ||
| 650 | _aRECURSO GENÉTICO | ||
| 650 | _aCRUZAMENTO VEGETAL | ||
| 650 | _aMELHORAMENTO GENÉTICO VEGETAL | ||
| 650 | _aMORFOLOGIA VEGETAL | ||
| 650 | _aGERMOPLASMA | ||
| 773 | 0 |
_tRevista Caatinga (Brazil) _xISSN 0100-316X _g(Jul-Sep 2009), v. 22(3) p. 170-177 _wBR2011004741 |
|
| 909 |
_a202311 _bLúcia _c55 _dLúcia Elande |
||
| 942 |
_2AGRIS _n0 _cANA |
||
| 999 |
_c212017 _d212017 |
||